Catastrophe Containment and Relief Trust-Second Tranche Of Debt Service Relief In The Context Of The COVID-19 Pandemic.

This paper proposes that the Executive Board approve the disbursement of a second 6-month tranche of CCRT debt service relief to 28 of the 29 members, covering the period October 14, 2020 through April 13, 2021, given staff's assessment that sufficient financial resources are available.2 In thi...

Полное описание

Библиографические подробности
Соавтор: International Monetary Fund
Формат: Журнал
Язык:English
Опубликовано: Washington, D.C. : International Monetary Fund, 2020.
Серии:Policy Papers; Policy Paper ; No. 2020/045
Online-ссылка:Full text available on IMF
LEADER 01869cas a2200241 a 4500
001 AALejournalIMF021301
008 230101c9999 xx r poo 0 0eng d
020 |c 5.00 USD 
020 |z 9781513558691 
022 |a 2663-3493 
040 |a BD-DhAAL  |c BD-DhAAL 
110 2 |a International Monetary Fund. 
245 1 0 |a Catastrophe Containment and Relief Trust-Second Tranche Of Debt Service Relief In The Context Of The COVID-19 Pandemic. 
264 1 |a Washington, D.C. :  |b International Monetary Fund,  |c 2020. 
300 |a 1 online resource (98 pages) 
490 1 |a Policy Papers 
500 |a <strong>Off-Campus Access:</strong> No User ID or Password Required 
500 |a <strong>On-Campus Access:</strong> No User ID or Password Required 
506 |a Electronic access restricted to authorized BRAC University faculty, staff and students 
520 3 |a This paper proposes that the Executive Board approve the disbursement of a second 6-month tranche of CCRT debt service relief to 28 of the 29 members, covering the period October 14, 2020 through April 13, 2021, given staff's assessment that sufficient financial resources are available.2 In this context, the paper also provides brief updates for each beneficiary country on its policy responses to the pandemic and staff's assessment of these policies and the use of resources freed up by debt service relief. It also provides an update on the finances of the CCRT and the fundraising efforts to secure adequate resources for grant assistance in the future. Based on grant pledges to date, resources are not sufficient to extend CCRT relief beyond the proposed second sixth-month period. 
538 |a Mode of access: Internet 
830 0 |a Policy Papers; Policy Paper ;  |v No. 2020/045 
856 4 0 |z Full text available on IMF  |u http://elibrary.imf.org/view/journals/007/2020/045/007.2020.issue-045-en.xml  |z IMF e-Library